All WWE Raw and Smackdown Tag Team Champions updated - Statistics

General Stats
  • This quiz has been taken 653 times
    403 since last reset
  • The average score is 185 of 254
Answer Stats
Hint Answer % Correct
2014 1 Jey Uso
97%
2014 2 Jey Uso
97%
2022 3 Jey Uso
97%
2017 1 Jey Uso
97%
2017 2 Jey Uso
97%
2017 3 Jey Uso
97%
2019 4 Jey Uso
97%
1 Jimmy Uso
97%
2 Jimmy Uso
97%
3 Jimmy Uso
97%
1 Jimmy Uso
97%
2 Jimmy Uso
97%
3 Jimmy Uso
97%
4 Jimmy Uso
97%
4 Jey Uso
96%
2021 5 Jey Uso
96%
6 Jey Uso
96%
5 Jimmy Uso
95%
2021 6 Kofi Kingston
94%
2015 1 Big E
93%
2015 2 Big E
93%
2017 1 Big E
93%
2017 2 Big E
93%
2018 3 Big E
93%
2019 4 Big E
93%
2019 5 Big E
93%
2020 6 Big E
93%
2020 7 Big E
93%
3 Kofi Kingston
93%
4 Kofi Kingston
93%
2020 5 Kofi Kingston
93%
1 Kofi Kingston
93%
2 Kofi Kingston
93%
3 Kofi Kingston
93%
4 Kofi Kingston
93%
5 Kofi Kingston
93%
6 Kofi Kingston
93%
7 Kofi Kingston
93%
1 Rey Mysterio
93%
2004 2 Rey Mysterio
93%
3 Rey Mysterio
93%
4 Rey Mysterio
93%
2021 1 Rey Mysterio
93%
1 Xavier Woods
93%
2 Xavier Woods
93%
3 Xavier Woods
93%
4 Xavier Woods
93%
1 Xavier Woods
93%
2 Xavier Woods
93%
3 Xavier Woods
93%
4 Xavier Woods
93%
5 Xavier Woods
93%
6 Xavier Woods
93%
7 Xavier Woods
93%
2023 3 Cody Rhodes
92%
2023 1 Cody Rhodes
92%
1 Dominik Mysterio
92%
2021 1 Randy Orton
92%
2022 2 Randy Orton
92%
1 Randy Orton
92%
1 Seth Rollins
91%
3 Stardust
91%
2010 1 Cody Rhodes
90%
2013 2 Cody Rhodes
90%
1 Sheamus
90%
2 Sheamus
90%
3 Sheamus
90%
4 Sheamus
90%
1 Sheamus
90%
1 The Miz
90%
2 The Miz
90%
3 The Miz
90%
2014 4 The Miz
90%
2019 1 The Miz
90%
2 The Miz
90%
2002 1 Edge
89%
2 Edge
89%
2013 1 Roman Reigns
89%
2016 2 Cesaro
87%
2017 3 Cesaro
87%
2017 4 Cesaro
87%
2018 5 Cesaro
87%
2018 1 Cesaro
87%
2023 1 Finn Balor
87%
2023 2 Finn Balor
87%
2023 1 Finn Balor
87%
2023 2 Finn Balor
87%
2023 1 Kevin Owens
87%
2023 1 Kevin Owens
87%
1 Sami Zayn
87%
1 Damian Priest
86%
2 Damian Priest
86%
1 Damian Priest
86%
2 Damian Priest
86%
1 Kane
86%
2 Kane
86%
2007 1 Matt Hardy
86%
2 Matt Hardy
86%
3 Matt Hardy
86%
1 Matt Hardy
86%
2 Seth Rollins
86%
3 Seth Rollins
86%
4 Seth Rollins
86%
5 Seth Rollins
86%
6 Seth Rollins
86%
2017 1 Jeff Hardy
85%
2019 1 Jeff Hardy
85%
1 John Cena
85%
2011 2 John Cena
85%
2018 1 Bray Wyatt
84%
2016 1 Bray Wyatt
84%
2012 1 Daniel Bryan
84%
2019 1 Daniel Bryan
84%
2017 1 Dean Ambrose
83%
2018 2 Dean Ambrose
83%
1 Luke Harper
83%
2018 2 Luke Harper
82%
1 Erick Rowan
81%
2 Erick Rowan
81%
1 Triple H
81%
2009 1 Chris Jericho
80%
2 Chris Jericho
80%
2005 1 Batista
79%
2009 1 Big Show
79%
2010 2 Big Show
79%
2011 3 Big Show
79%
2015 1 Cesaro
79%
2020 2 Cesaro
79%
2018 1 Dolph Ziggler
79%
2019 2 Dolph Ziggler
79%
2021 1 Dolph Ziggler
79%
1 Matt Riddle
79%
2 Matt Riddle
79%
1 Eddie Guerrero
78%
2003 2 Eddie Guerrero
78%
3 Eddie Guerrero
78%
2005 4 Eddie Guerrero
78%
1 Johnny Nitro
78%
2 Johnny Nitro
78%
2009 1 Shawn Michaels
78%
2010 1 Heath Slater
77%
2007 4 John Morrison
77%
2020 1 John Morrison
77%
1 Kofi Kingston
77%
2012 2 Kofi Kingston
77%
1 Kurt Angle
77%
1 Drew McIntyre
76%
2 Drew McIntyre
76%
2011 2 Heath Slater
76%
2011 3 Heath Slater
76%
2018 1 Braun Strowman
75%
2019 2 Braun Strowman
75%
2016 1 Heath Slater
75%
2002 1 Chavo Guerrero
74%
2003 2 Chavo Guerrero
74%
1 R-Truth
74%
1 Samy Zayn
74%
2016 1 Chad Gable
73%
1 Chad Gable
72%
2002 1 Chris Benoit
72%
2022 2 Chad Gable
71%
1 Goldust
70%
2014 2 Goldust
70%
1 Rhyno
69%
1 Shelton Benjamin
68%
2 Shelton Benjamin
68%
1 Otis
66%
3 Shelton Benjamin
66%
2018 1 Bobby Roode
65%
1 Jason Jordan
65%
2 Robert Roode
65%
1 Robert Roode
65%
2004 1 Bubba Ray Dudley
64%
2010 1 David Otunga
64%
2011 2 David Otunga
64%
1 D-Von Dudley
64%
2017 1 Jason Jordan
63%
2021 1 AJ Styles
62%
1 Justin Gabriel
61%
1 Tyson Kidd
59%
2 Tyson Kidd
59%
1 Michael McGillicutty
58%
1 Shinsuke Nakamura
58%
2 Justin Gabriel
57%
3 Justin Gabriel
57%
1 Montez Ford
57%
1 Montez Ford
57%
1 Shane McMahon
57%
2020 1 Angelo Dawkins
56%
2020 1 Angelo Dawkins
56%
1 MVP
56%
1 Rob Van Dam
55%
1 Karl Anderson
54%
2 Karl Anderson
54%
2017 1 Luke Gallows
54%
2019 2 Luke Gallows
54%
1 Nicholas
54%
1 Damien Mizdow
53%
3 Johnny Nitro
53%
2 Curtis Axel
52%
2011 1 Evan Bourne
52%
2005 1 Joey Mercury
52%
2005 2 Joey Mercury
52%
2005 3 Joey Mercury
52%
1 Omos
52%
2008 1 Carlito
51%
2020 1 Buddy Murphy
50%
2003 1 Charlie Haas
50%
2003 2 Charlie Haas
50%
1 Primo
49%
2012 2 Primo
49%
2004 3 Charlie Haas
48%
2019 1 Dash Wilder
48%
2019 2 Dash Wilder
48%
2019 1 Dash Wilder
48%
1 Scott Dawson
48%
2 Scott Dawson
48%
1 Scott Dawson
48%
1 Zack Ryder
48%
2 Zack Ryder
48%
2014 1 Billy Gunn
46%
1 Epico
46%
1 Road Dogg
46%
2020 1 Cedric Alexander
45%
1 Rezar
45%
2018 1 Bo Dallas
44%
1 Titus O'Neil
44%
2018 1 Akam
43%
2015 1 Darren Young
43%
2010 1 David Hart Smith
43%
2019 1 Erik
43%
2008 1 Curt Hawkins
40%
2019 2 Curt Hawkins
40%
1 Ivar
39%
1 Rico
38%
1 Paul London
37%
2006 2 Paul London
37%
2004 1 Rikishi
37%
2010 1 Santino Marella
37%
1 Brian Kendrick
35%
1 Tajiri
35%
1 Scotty 2 Hotty
31%
2003 1 Danny Basham
30%
2005 2 Danny Basham
30%
1 Doug Basham
30%
2 Doug Basham
30%
2004 1 Billy Kidman
28%
2007 1 Deuce
28%
1 Domino
27%
1 Rene Dupree
27%
1 Vladimir Kozlov
27%
2005 1 Animal
22%
2004 1 Kenzo Suzuki
20%
1 Heidenreich
17%
No matching quizzes found
Score Distribution
Percent of People with Each Score
Percentile by Number Answered
Your Score History
You have not taken this quiz since the last reset